00775nam a2200169 a 450000100100000000500170001000800410002704000250006810000360009324500810012926000700021030000240028050001700030404900090047495201050048399900170058800002906120200930055315.0110413s1982 dr a 000 0 spa d aDO-SdBNPbspacBNPHU1 aFlorentino R., José E.95515110aAlternativas para la generación de electricidad /cJosé E. Florentino R. aSanto Domingo :bCorporación Dominicana de Electricidad,c1982. a30 p. :bil. ;c22. aTexto de la charla pronunciada por el Lic. José E. Florentino R., administrador general de la CDE, en la sesión- almuerzo de la Cámara Américana de Comercio. aBNPD 0010718PDaPDbPDcCTd2011-04-13iLF1l0o p29061-10r2020-06-25w2020-06-25yLFPDZNo se presta c28553d28553